| 000 | 00000nam 2200000za 4500 |
| 001 | 9.817242 |
| 003 | CaOODSP |
| 005 | 20221107142431 |
| 007 | cr ||||||||||| |
| 008 | 160904s2015||||onc ||||o f000 0 fre d |
| 040 | |aCaOODSP|bfre |
| 043 | |an-cn--- |
| 086 | 1 |aED5-14/2015F-PDF |
| 245 | 00|aTirer le maximum des accords de libre-échange |h[ressource électronique]. |
| 260 | |a[Ottawa] : |bEDC, |cc2015. |
| 300 | |a6, [1] p. |
| 500 | |a« Livre blanc. » |
| 500 | |aPublié aussi en anglais sous le titre : Getting the most from free trade agreements. |
| 520 | 0 |a« Ce livre blanc examine les fondements des ALE et en quoi ils peuvent faciliter aux exportateurs de biens, exportateurs de services et investisseurs canadiens la conduite d’affaires à l’étranger. Toutefois, il n’examine pas le rôle des ALE dans les importations ou les investissements au Canada en provenance de l’étranger. » |
| 692 | 07|2gccst|aAccord de libre-échange |
| 692 | 07|2gccst|aCommerce extérieur |
| 710 | 2 |aExportation et développement Canada. |
| 775 | 08|tGetting the most from free trade agreements |w(CaOODSP)9.816918 |
| 856 | 40|qPDF|s102 Ko|uhttps://publications.gc.ca/collections/collection_2016/edc/ED5-14-2015-fra.pdf |